Normal view
MARC view
Entry Uniform Title
001 - CONTROL NUMBER
- control field: 53232
003 - CONTROL NUMBER IDENTIFIER
- control field: dpl
005 - DATE AND TIME OF LATEST TRANSACTION
- control field: 20121018161621.0
008 - FIXED-LENGTH DATA ELEMENTS
- fixed length control field: 121018|||a|||||| | ||| d
040 ## - CATALOGING SOURCE
- Original cataloging agency: dpl
- Transcribing agency: dpl
130 ## - HEADING--UNIFORM TITLE
- Uniform title: enchanting stories
670 ## - SOURCE DATA FOUND
- Source citation: Work cat.: (dpl)61519: Mary Man-kong 53231, Barbie and the three musketeers /, 2010
670 ## - SOURCE DATA FOUND
- Source citation: Work cat.: (dpl)61519: Mary Man-kong 53231, Barbie and the three musketeers /, 2010
